|
|
|
|
| LEADER |
00000nab a2200000 a 4500 |
| 001 |
vtls000882908 |
| 003 |
SK-MaSNL |
| 005 |
20260304130642.0 |
| 008 |
250429c2004 xo 0 slo |
| 015 |
|
|
|a SNBRB2004/09-26030
|
| 035 |
|
|
|a CLN000234393
|
| 035 |
|
|
|a urn:nbn:sk:snk-ab6x84
|
| 035 |
|
|
|a (uuid)0fa09f02-3b34-4a2d-94f8-7e627793f7d6
|
| 035 |
|
|
|a (urnnbn)urn:nbn:sk:snk:ar-a064mo
|
| 035 |
|
|
|a (sysno)vtls000882908
|
| 040 |
|
|
|a SNKBUCL
|b slo
|c SNKBUCL
|e AACR2
|
| 041 |
0 |
|
|a slo
|
| 044 |
|
|
|a xo
|c SK
|
| 080 |
|
|
|a 617.54-073.75:614.876
|2 1997
|
| 245 |
0 |
0 |
|a Analýza radiačnej záťaže pacientov pri rádiodiagnostickom vyšetrení hrudníka
|c D. Nikodémová ... [et al.]
|
| 246 |
1 |
1 |
|a The analysis of patients doses during the chest x-ray examinations
|
| 300 |
|
|
|b Graf, tab.
|
| 504 |
|
|
|a Res. angl., slov.
|
| 504 |
|
|
|a Bibliogr. odkazy
|
| 650 |
0 |
7 |
|a dávkovanie žiarenia
|2 MESH
|9 1434123
|
| 650 |
0 |
7 |
|a rádiografia hrudníka
|x účinky nežiadúce
|x vybavenie prístrojové
|x normy a štandardy
|2 MESH
|9 1442177
|
| 650 |
0 |
7 |
|a predávkovanie
|2 snkbucl
|9 1402249
|
| 650 |
0 |
7 |
|a normy a štandardy
|2 MESH
|9 74702
|
| 650 |
0 |
7 |
|a fantómy na testovanie zobrazovacích metód
|2 MESH
|9 1442178
|
| 650 |
0 |
7 |
|a termoluminiscenčná dozimetria
|2 MESH
|9 1434506
|
| 650 |
0 |
7 |
|a monitorovanie žiarenia
|x štatistika a číselné údaje
|2 MESH
|9 1442179
|
| 650 |
0 |
7 |
|a radiačná ochrana
|2 SNKPH
|9 3496
|
| 650 |
0 |
7 |
|a zákonodarstvo a právna veda
|2 SNK
|9 1074858
|
| 655 |
|
7 |
|a články z novín a časopisov
|2 SNK
|9 267496
|
| 700 |
1 |
|
|a Príkazská, Marianna,
|d 1938-
|4 aut
|9 6888
|
| 700 |
1 |
|
|a Nikodemová, Denisa,
|d 1936-
|4 aut
|9 230929
|
| 700 |
1 |
|
|a Horváthová, Martina,
|d 1974-
|4 aut
|9 230928
|
| 700 |
1 |
|
|a Karkus, Radovan
|4 aut
|9 529328
|
| 773 |
0 |
|
|t Slovenská rádiológia
|g Roč. 11, č. 1 (2004), s. 70-73
|x 1335-0625
|
| 850 |
|
|
|a Slovenská národná knižnica
|
| 852 |
|
|
|a Slovenská národná knižnica
|
| 954 |
|
|
|a odborná, vedecká literatúra pôvodná (slovenská)
|2 lita
|
| 958 |
|
|
|a article27
|
| 958 |
|
|
|a MI
|
| 958 |
|
|
|a NB
|
| 958 |
|
|
|a OND
|
| 958 |
|
|
|a EUIPO
|
| 992 |
|
|
|a RBX
|
| 999 |
|
|
|c 2895607
|d 2897537
|